000
00198 a2200097 4500
001
4633
100
_a
Lindsay,R.B
245
_a
Foundations of physics
260
_a
_b
dovex
_c
090
_c
3827
_d
3827
942
_a
NUST-CAE
_c
M
_c
30075
999
_c
239706
_d
239706